|
|
|
|
| LEADER |
00000nab a2200000 a 4500 |
| 001 |
vtls000156161 |
| 003 |
SK-MaSNL |
| 005 |
20260304061422.0 |
| 008 |
250422c1983 xo 0 slo |
| 015 |
|
|
|a SNBRB19rr/mm-uuuuu
|
| 035 |
|
|
|a CL0166268
|
| 035 |
|
|
|a urn:nbn:sk:snk-abbciw
|
| 035 |
|
|
|a (urnnbn)urn:nbn:sk:snk:ar-a09s99
|
| 035 |
|
|
|a (uuid)b8173e22-787f-4f98-8042-dd9aeb26d3e5
|
| 040 |
|
|
|a SNKBUCL
|b slo
|c SNKBUCL
|e AACR2
|
| 041 |
0 |
|
|a cze
|
| 044 |
|
|
|a xo
|c SK
|
| 080 |
|
|
|a 517.9
|2 1981
|
| 080 |
|
|
|a 533.6.011
|2 1981
|
| 100 |
1 |
|
|a Kozel, Karel,
|d 1939-
|4 aut
|9 111951
|
| 245 |
1 |
0 |
|a Numerické řešení nestacionárního subsonického obtékání tenkého profilu v kanálu
|c Karel Kozel, Miroslava Vavřincová
|
| 300 |
|
|
|b Obr. 4. Res. rus., angl., lit. 2 zázn. v češ., angl.
|
| 650 |
0 |
7 |
|a vodné kanály
|2 snkbucl
|9 83940
|
| 655 |
|
7 |
|a články z novín a časopisov
|2 snkbucl
|9 267496
|
| 700 |
1 |
|
|a Vavřincová, Miroslava,
|d 1941-
|4 aut
|9 7358
|
| 773 |
0 |
|
|t Strojnícky časopis
|g Roč. 34, č. 3 (1983), s. 371-377
|
| 850 |
|
|
|a Slovenská národná knižnica
|
| 852 |
|
|
|a Slovenská národná knižnica
|
| 958 |
|
|
|a article15
|
| 958 |
|
|
|a RK
|
| 958 |
|
|
|a CZ
|
| 958 |
|
|
|a OND
|
| 958 |
|
|
|a EUIPO
|
| 992 |
|
|
|a RBX
|
| 999 |
|
|
|c 2732921
|d 2734851
|